00555 2200193 4500001002100000005001500021035002000036245010800056100002200164250000600186300003700192260004400229082001000273084001600283020001800299650001000317990001700327990001700344INLIS00000000000072220190209012355 a0010-02190000331 aCara Menekan Kerusakan Pada Tomat, Pada Saat Sebelum, Selama dan Setelah Pemanenan /cEndang Prabandari0 aEndang Prabandari a- aviii, 25 hlm. :bilus. ;c21 cm. aJakarta :bPT Musi Perkasa Utama,c2005 a635.6 a635.6 END c a979-651-210-6 aTomat a02724/H/2018 a02725/H/2018